01119nam a2200289Ia 4500001001200000003000800012006001900020007001500039008004100054010001700095020001800112040002100130035002100151050002700172082002000199100002500219245008500244260006600329300001700395504005100412533015200463650001800615650002400633655002900657710001700686856012600703ebr10315615CaPaEBRm u cr cn|||||||||090310s2009 enk sb 001 0 eng d z 2009009689 z9780470987254 aCaPaEBRcCaPaEBR a(OCoLC)44188698914aQD75.4.C45bB74 2009eb04a543.01/51952221 aBrereton, Richard G.10aChemometrics for pattern recognitionh[electronic resource] /cRichard Brereton. aChichester, West Sussex, U.K. ;aHoboken, NJ :bWiley,c2009. axvii, 504 p. aIncludes bibliographical references and index. aElectronic reproduction.bPalo Alto, Calif. :cebrary,d2009.nAvailable via World Wide Web.nAccess may be limited to ebrary affiliated libraries. 0aChemometrics. 0aPattern perception. 7aElectronic books.2local2 aebrary, Inc.40uhttp://site.ebrary.com/lib/rucke/Doc?id=10315615zAn electronic book accessible through the World Wide Web; click to view